000 01122cam a2200349 i 4500
003 EG-GICUC
005 20260215110143.0
008 060110s2006 mnu frb 001 0 eng d
020 _a9780314147394
_qalk. paper
020 _a031414739X
_qalk. paper
040 _aDLC
_cDLC
_dDLC
_dEG-GICUC
_beng
_erda
050 0 0 _aKZ1242.5
_b.J36 2006
082 0 0 _a341
_221
092 0 4 _221
099 _aLaw 11 2006
100 1 _aJanis, Mark W.
245 1 0 _aCases and commentary on international law /
_cby Mark W. Janis, John E. Noyes.
246 1 8 _aInternational law
250 _a3rd edition.
264 _aSt. Paul, MN :
_bThomson/West,
_c2006.
300 _axli, 975 pages ;
_c26 cm. +
_eteacher's manual.
336 _atext
_2rdacontent
337 _aComputer
_2rdamedia
338 _aOnline Resource
_2rdacarrier
440 0 _aAmerican casebook series
504 _aIncludes bibliographical references (p. ix-xv) and index.
650 0 _aInternational law.
700 1 _aNoyes, John E.,
_d1951-
856 4 0 _uhttps://fll.law.cu.edu.eg/fulltext/bks/ENGB11-00161.pdf
905 _a10
942 _2ddc
_cBK
_e21
_n0
999 _c56979
_d56979